| 000 | 00674nas a2200253 4500 | ||
|---|---|---|---|
| 001 | BR9205191 | ||
| 003 | BR-BrBNA | ||
| 005 | 20231205092825.0 | ||
| 007 | ta | ||
| 008 | 230509b bl.|||p| |||| 00| 00por d | ||
| 040 |
_aBR-BrBNA _bpor _cBiblioteca Nacional de Agricultura |
||
| 041 | _a(Pt) | ||
| 072 | _aQ02 | ||
| 100 | 1 | _aGeoffroy, P. | |
| 245 | 1 | _aFrio em enologia | |
| 650 | _aVINHO | ||
| 650 | _aREFRIGERACAO | ||
| 650 | _aTEMPERATURA | ||
| 650 | _aFERMENTACAO ALCOOLICA | ||
| 650 | _aENOLOGIA | ||
| 773 | 0 |
_tAB - Alimentos e Bebidas (Brazil) _x _g(May 1967), v. 3(5) p. 10-14 _wBR9205191 |
|
| 909 |
_a202311 _bLúcia _c55 _dLúcia Elande |
||
| 942 |
_2AGRIS _n0 _cANA |
||
| 999 |
_c134480 _d134480 |
||